Komunikační dovednosti v praxi
Na minha lista:
| Autor principal: | |
|---|---|
| Formato: | Livro |
| Idioma: | tcheco |
| Publicado em: |
Praha
Grada Publishing
2010
|
| Edição: | 2. dopln. a přeprac. vyd. |
| Colecção: | Manažer
|
| Assuntos: | |
| Tags: |
Sem tags, seja o primeiro a adicionar uma tag!
|
MARC
| LEADER | 00000nam a2200000 4500 | ||
|---|---|---|---|
| 001 | 0122738 | ||
| 005 | 20240313133117.5 | ||
| 020 | |a 978-80-247-2339-6 | ||
| 041 | 0 | |a cze | |
| 044 | |a CZ | ||
| 245 | 1 | 0 | |a Komunikační dovednosti v praxi |c Milan Mikuláštík |
| 250 | |a 2. dopln. a přeprac. vyd. | ||
| 264 | 1 | |a Praha |b Grada Publishing |c 2010 | |
| 300 | |a 325 s. | ||
| 490 | 1 | |a Manažer | |
| 830 | 0 | |a Manažer | |
| 610 | 2 | 0 | |a komunikácia |
| 610 | 2 | 0 | |a osobnosť |
| 610 | 2 | 0 | |a emócie |
| 610 | 2 | 0 | |a vzťahy medziľudské |
| 610 | 2 | 0 | |a komunikácia interpersonálna |
| 610 | 2 | 0 | |a analýzy |
| 610 | 2 | 0 | |a komunikácia verbálna |
| 610 | 2 | 0 | |a komunikácia neverbálna |
| 610 | 2 | 0 | |a empatia |
| 610 | 2 | 0 | |a prostredie podnikové |
| 610 | 2 | 0 | |a rozhovor |
| 610 | 2 | 0 | |a vyjednávanie |
| 610 | 2 | 0 | |a porady |
| 610 | 2 | 0 | |a komunikácia masmediálna |
| 610 | 2 | 0 | |a audit |
| 610 | 2 | 0 | |a výcvik |
| 100 | 1 | |a Mikuláštík, Milan | |